| 000 | 02031nam a2200277Ia 4500 | ||
|---|---|---|---|
| 008 | 260220t1976||||xx |||||||||||||| ||spa|| | ||
| 040 |
_aPY-SlUNAC _bspa _erda |
||
| 041 | _aspa | ||
| 082 |
_a621.3 _bF576f |
||
| 100 |
_aFitzgerald, A. E. _eAutor |
||
| 245 | 0 |
_aFundamentos de ingeniería eléctrica / _cpor A. E. Fitzgerald [Autor]; David E. Higginbotham [Autor] y Arvin Gravel [Autor] |
|
| 250 | _aCuarta edición | ||
| 264 |
_aCiudad de México : _bMcGraw-Hill, _c℗1976. |
||
| 300 | _a1 volumen | ||
| 520 | _a"Fundamentos de ingeniería eléctrica" de A. E. Fitzgerald es un texto fundamental que ofrece una introducción integral a los principios y aplicaciones de la ingeniería eléctrica. A lo largo de sus capítulos, el autor aborda conceptos esenciales como circuitos eléctricos, leyes de Kirchhoff, análisis de circuitos en corriente continua y alterna, así como la teoría de máquinas eléctricas y transformadores. El libro está diseñado para proporcionar a los estudiantes una comprensión sólida de la teoría eléctrica, combinando explicaciones claras con ejemplos prácticos y problemas resueltos que facilitan el aprendizaje. Además, se enfatiza la relevancia de la ingeniería eléctrica en el desarrollo tecnológico y su impacto en la industria moderna. Con un enfoque pedagógico y una estructura lógica, Fitzgerald logra crear un recurso que no solo es útil para los estudiantes de ingeniería, sino también para profesionales en el campo que buscan reforzar sus conocimientos en los fundamentos de esta disciplina. En definitiva, es una obra clave para el entendimiento de la ingeniería eléctrica contemporánea. | ||
| 653 | _aFundamentos de ingeniería | ||
| 653 | _aIngeniería eléctrica | ||
| 653 | _aTecnología eléctrica | ||
| 700 |
_aGravel, Arvin _eAutor |
||
| 700 |
_aHigginbotham, David E. _eAutor |
||
| 942 |
_b2026/02/17 _cBK |
||
| 999 |
_c8549 _d8549 |
||